Historia universal

Tallennettuna:
Bibliografiset tiedot
Päätekijä: Grimberg, Carl (autor)
Aineistotyyppi: Kirja
Kieli:espanja
Julkaistu: Santiago, Chile Ercilla 1985
Sarja:Biblioteca Ercilla
Aiheet:
Tagit: Lisää tagi
Ei tageja, Lisää ensimmäinen tagi!

MARC

LEADER 00000cam a2200000 a 4500
001 UCT3227
003 CL-VaPUC
005 20220314133323.0
008 961018e19850000CL |||||||||||||||||spa|d
999 |c 252959  |d 252957 
040 |c Pontificia Universidad Católica de Valparaíso 
082 0 4 |a 909 GRI 1985  |2 21 
100 |a Grimberg, Carl  |e autor  |9 440591 
245 1 0 |a Historia universal 
260 |a Santiago, Chile  |b Ercilla  |c 1985 
300 |a volúmenes 
490 0 |a Biblioteca Ercilla 
500 |a v.1: El alba de la civilización 
500 |a v.2: De Babilonia a Persia 
500 |a v.3: Emerge Grecia 
500 |a v.4: Grecia inmortal 
500 |a v.6: Roma imperial 
500 |a v.7: De la India a los Germanos 
500 |a v.8: Entre árabes y escandinavos 
500 |a v.9: Auge del islam y de las cruzadas 
500 |a v.10: La época ojival 
500 |a v.11: La guerra de los Cien Años 
500 |a v.12: El Renacimiento 
500 |a v.13: la conquista de América 
500 |a v.14: Los primeros protestantes 
500 |a v.15: Oriente hasta el siglo XV 
500 |a v.16: Hegemonía española 
500 |a v.17: Las guerras religiosas 
500 |a v.18: Bajo el signo de Richelieu 
500 |a v.19: Luis XIV 
500 |a v.20: España en disputa 
500 |a v.21: El siglo de las luces 
500 |a v.22: Despotismo ilustrado 
500 |a v.3: Revolución francesa 
500 |a v.24: Napoleón I 
500 |a v.25: El romanticismo 
500 |a v.26: La época victoriana 
500 |a v.27: Imperios coloniales 
500 |a v.28: Primera Guerra Mundial 
500 |a v.29: Crisis de entre guerras 
500 |a v.30: Segunda Guerra Mundial 
500 |a v.31: La guerra fría 
583 |k Rodrigo Vera  |c 20200326 
650 0 |a Historia   |y Siglo 17  |9 255532 
650 0 |a Historia universal  |9 266877 
650 7 |a HISTORIA EUROPEA  |2 CL-VaPUC  |9 317298 
650 0 |a Historia antigua  |9 267521 
650 0 |a Historia medieval   |9 258042 
650 0 |a Historia moderna  |9 268036 
942 |c BK  |2 ddc 
945 |d 19961018 00:00:00  |a paguirre 
952 |0 0  |1 0  |2 ddc  |3 erb  |4 0  |6 909_000000000000000_GRI_1985  |7 0  |8 A  |9 273170  |a FDOHBE  |b FDOHBE  |e Huesbe Llanos, Marco Antonio, 1934-  |h v.14  |i 5333938  |o 909 GRI 1985  |p 5333938  |r 2024-01-30  |t 1  |w 2019-11-19  |y BK  |z Catalogado en:20160623  |k HBE